[Event "Los Angeles 1000GM Spring op"]
[Site "Los Angeles"]
[Date "2023.03.21"]
[Round "8"]
[White "Yanayt, Eugene"]
[Black "Jacobson, Aaron"]
[Result "0-1"]
[WhiteElo "2014"]
[BlackElo "2308"]
[PlyCount "122"]
[EventDate "2023.03.17"]
[EventType "swiss"]
[EventRounds "9"]
[EventCountry "USA"]
[SourceTitle "CBM 213 Extra"]
[Source "ChessBase"]
[SourceDate "2023.05.31"]
[SourceVersion "1"]
[SourceVersionDate "2023.05.31"]
[SourceQuality "1"]

1. e4 e5 2. Nf3 Nc6 3. Bc4 Nf6 4. d3 Bc5 5. c3 d6 6. b4 Bb6 7. a4 a5 8. b5 Ne7 9. 0-0 0-0 10. Re1 Ng6 11. Nbd2 Nh5 12. Nf1 Nhf4 13. d4 Qf6 14. Ne3 Re8 15. Nd5 Nxd5 16. Bg5 Qe6 17. Bxd5 Qd7 18. Qb3 h6 19. Be3 Qe7 20. Bc4 Qf6 21. Nd2 Re7 22. Qb2 Nf4 23. Kh1 Ne6 24. Bxe6 Qxe6 25. d5 Qd7 26. Nc4 Bxe3 27. Nxe3 g6 28. f3 f5 29. Qf2 f4 30. Ng4 Kg7 31. Qh4 h5 32. Nf6 Qd8 33. Qg5 Kf7 34. Nxh5 Qh8 35. g4 gxh5 36. gxh5 Qf6 37. Qg2 Bd7 38. Rg1 Rh8 39. b6 c5 40. Qg6+ Qxg6 41. Rxg6 Rxh5 42. Rag1 Rh7 43. Rxd6 Rg7 44. Ra1 Bh3 45. Rg1 Rxg1+ 46. Kxg1 Kg7 47. Rd8 Kf6 48. Ra8 Rg7+ 49. Kf2 Rg2+ 50. Ke1 Rb2 51. Rh8 Bg2 52. Rh6+ Kg7 53. Re6 Bxf3 54. d6 Bg4 55. Rxe5 Kf6 56. Re7 f3 57. Rh7 f2+ 58. Kf1 Be6 59. e5+ Kxe5 60. Rh4 Kxd6 61. Rh3 Ke5 0-1

[Event "Los Angeles 1000GM Spring op"]
[Site "Los Angeles"]
[Date "2023.03.19"]
[Round "4"]
[White "Jacobson, Aaron"]
[Black "Doknjas, Neil"]
[Result "1-0"]
[WhiteElo "2308"]
[BlackElo "2052"]
[PlyCount "63"]
[EventDate "2023.03.17"]
[EventType "swiss"]
[EventRounds "9"]
[EventCountry "USA"]
[SourceTitle "CBM 213 Extra"]
[Source "ChessBase"]
[SourceDate "2023.05.31"]
[SourceVersion "1"]
[SourceVersionDate "2023.05.31"]
[SourceQuality "1"]

1. Nf3 d5 2. e3 Nf6 3. c4 e6 4. Nc3 b6 5. cxd5 exd5 6. g3 Bb7 7. Bg2 Nbd7 8. 0-0 Bd6 9. b3 Nc5 10. d3 0-0 11. Bb2 a6 12. Rc1 Re8 13. Re1 Rb8 14. Re2 Bf8 15. Rec2 Ne6 16. Ne2 Nd7 17. Nfd4 Nxd4 18. Nxd4 c5 19. Ne2 b5 20. Nf4 Nb6 21. Nh5 Qg5 22. h4 Qh6 23. Rxc5 Bxc5 24. Rxc5 Rec8 25. Bxg7 Qg6 26. Rxc8+ Bxc8 27. Be5 Rb7 28. Nf6+ Kf8 29. Qc2 Re7 30. Qc5 Bb7 31. Qxb6 Kg7 32. Ng4+ 1-0

[Event "Saint Louis Super Swiss"]
[Site "Saint Louis"]
[Date "2023.03.14"]
[Round "5"]
[White "Durarbayli, Vasif"]
[Black "Jacobson, Aaron"]
[Result "1-0"]
[WhiteElo "2635"]
[BlackElo "2308"]
[PlyCount "73"]
[EventDate "2023.03.12"]
[EventType "swiss"]
[EventRounds "9"]
[EventCountry "USA"]
[SourceTitle "CBM 213 Extra"]
[Source "ChessBase"]
[SourceDate "2023.05.31"]
[SourceVersion "1"]
[SourceVersionDate "2023.05.31"]
[SourceQuality "1"]

1. e4 e5 2. Nf3 Nf6 3. Nxe5 d6 4. Nf3 Nxe4 5. d4 d5 6. Bd3 Bd6 7. 0-0 0-0 8. c4 c6 9. Qc2 Na6 10. a3 Bf5 11. Nc3 Re8 12. c5 Bc7 13. b4 Re6 14. Be3 Bg6 15. Rab1 Nb8 16. Ne2 Bh5 17. Ng3 Bg6 18. Ne2 Bh5 19. Rfe1 Nd7 20. Ng3 Bg6 21. b5 Qe7 22. bxc6 bxc6 23. Bxe4 dxe4 24. Ng5 Rf6 25. Rb7 Bf4 26. N5xe4 Bxe3 27. Rxe3 Re6 28. Qe2 Qd8 29. Nd6 Rxe3 30. Qxe3 Nf6 31. Qf3 Nd5 32. Ngf5 h5 33. Ne3 Qa5 34. h3 Qe1+ 35. Kh2 Nc3 36. Re7 Rb8 37. Nd5 1-0

[Event "New York Marshall CC-ch 106th"]
[Site "New York"]
[Date "2022.12.11"]
[Round "4"]
[White "Jacobson, Aaron"]
[Black "Tanenbaum, Zachary Chen"]
[Result "0-1"]
[WhiteElo "2311"]
[BlackElo "2188"]
[PlyCount "130"]
[EventDate "2022.12.09"]
[EventType "swiss"]
[EventRounds "9"]
[EventCountry "USA"]
[SourceTitle "CBM 212 Extra"]
[Source "ChessBase"]
[SourceDate "2023.03.31"]
[SourceVersion "1"]
[SourceVersionDate "2023.03.31"]
[SourceQuality "1"]

1. d4 d5 2. c4 dxc4 3. Nf3 Nf6 4. e3 Bg4 5. Bxc4 e6 6. Qb3 Bxf3 7. gxf3 Nbd7 8. Nc3 Nb6 9. Be2 Be7 10. f4 0-0 11. Bf3 c5 12. dxc5 Nbd7 13. Qxb7 Rb8 14. Qxa7 Nxc5 15. 0-0 Nd5 16. Nxd5 exd5 17. Qa3 Nb3 18. Qxb3 Rxb3 19. axb3 d4 20. Rd1 Bc5 21. exd4 Bd6 22. d5 Qb6 23. Be3 Qxb3 24. Ra6 Bxf4 25. Rb6 Qa4 26. Bc5 Rc8 27. Rc6 Rxc6 28. dxc6 Bc7 29. b4 h6 30. Re1 Qb3 31. Kg2 Qc4 32. Re4 Qc3 33. Re7 Bf4 34. c7 Bxc7 35. Rxc7 Qf6 36. Rd7 Qg6+ 37. Kf1 Qf5 38. Rd8+ Kh7 39. Be2 Qh3+ 40. Kg1 f5 41. Rd7 Qh4 42. Bd4 Qg5+ 43. Kf1 Qc1+ 44. Kg2 Qc6+ 45. Kg1 Qxd7 46. Be3 g5 47. Bc5 f4 48. Bf1 Qg4+ 49. Kh1 Qf3+ 50. Kg1 Qg4+ 51. Kh1 Qd1 52. Kg1 Qc1 53. Bb6 Qc6 54. Bd4 Qd5 55. Bb6 Qd6 56. Bc5 Qe5 57. Bb6 Qe6 58. Bc5 Qf5 59. Bb6 Qg6 60. Bc5 g4 61. b5 g3 62. fxg3 fxg3 63. Be3 Qe6 64. Ba7 Qa2 65. Bd3+ Kg8 0-1

[Event "US Masters op"]
[Site "Charlotte"]
[Date "2022.11.24"]
[Round "2"]
[White "Jacobson, Aaron"]
[Black "Cruz, Cristhian"]
[Result "0-1"]
[WhiteElo "2351"]
[BlackElo "2552"]
[PlyCount "124"]
[EventDate "2022.11.23"]
[EventType "swiss"]
[EventRounds "9"]
[EventCountry "USA"]
[SourceTitle "CBM 211 Extra"]
[Source "ChessBase"]
[SourceDate "2023.01.31"]
[SourceVersion "1"]
[SourceVersionDate "2023.01.31"]
[SourceQuality "1"]

1. c4 e6 2. Nf3 d5 3. d4 a6 4. cxd5 exd5 5. Nc3 Nf6 6. Bg5 Be6 7. Bxf6 Qxf6 8. Qb3 Ra7 9. g3 Qd8 10. h4 c6 11. Ng5 Bc8 12. e4 h6 13. Nf3 dxe4 14. Nxe4 Qa5+ 15. Kd1 Be6 16. Bc4 Bxc4 17. Qxc4 Be7 18. Ne5 0-0 19. Kc2 b5 20. Qc3 Qd8 21. Rae1 Qd5 22. Kb1 Rd8 23. Nf3 Nd7 24. Qe3 Nf6 25. Nc3 Qf5+ 26. Ka1 Ng4 27. Qe2 Bb4 28. Ne5 Nxe5 29. dxe5 Bxc3 30. bxc3 Rd3 31. Qc2 Qf3 32. Rd1 Rad7 33. Rxd3 Rxd3 34. Rc1 a5 35. c4 b4 36. Re1 Rc3 37. Qd2 Rxc4 38. Re3 Qd5 39. Qxd5 cxd5 40. e6 fxe6 41. Rxe6 a4 42. Rd6 a3 43. Kb1 d4 44. Rd7 Kf8 45. f4 Ke8 46. Rd5 Ke7 47. h5 Ke6 48. Re5+ Kd6 49. Re4 Kd5 50. Re5+ Kc6 51. Re6+ Kb5 52. Rd6 Kc5 53. Rd7 Rc3 54. Rxg7 Kc4 55. f5 Rf3 56. Kc2 Rf2+ 57. Kd1 Rxf5 58. g4 Rf2 59. g5 hxg5 60. h6 Rxa2 61. Rc7+ Kd3 62. h7 Rh2 0-1

[Event "New York Fall GM-B"]
[Site "Long Island City"]
[Date "2022.11.12"]
[Round "7"]
[White "Oberoi, Shelev"]
[Black "Jacobson, Aaron"]
[Result "1-0"]
[WhiteElo "2328"]
[BlackElo "2351"]
[PlyCount "42"]
[EventDate "2022.11.09"]
[EventType "tourn"]
[EventRounds "9"]
[EventCountry "USA"]
[SourceTitle "CBM 211 Extra"]
[Source "ChessBase"]
[SourceDate "2023.01.31"]
[SourceVersion "1"]
[SourceVersionDate "2023.01.31"]
[SourceQuality "1"]

1. e4 e5 2. Nf3 Nf6 3. Nxe5 d6 4. Nf3 Nxe4 5. Nc3 Nxc3 6. dxc3 Be7 7. Be3 0-0 8. Qd2 Nd7 9. 0-0-0 Nf6 10. Bd3 c5 11. Rhe1 Be6 12. Bg5 Bxa2 13. b3 a5 14. Qe2 Qb6 15. Qxe7 Rfe8 16. Bxh7+ Kxh7 17. Qxf7 Rf8 18. Qe6 Rad8 19. Bxf6 Rxf6 20. Ng5+ Kg6 21. Qe4+ Kh6 1-0

[Event "New York Fall GM-B"]
[Site "Long Island City"]
[Date "2022.11.11"]
[Round "4"]
[White "Mandizha, Farai"]
[Black "Jacobson, Aaron"]
[Result "1/2-1/2"]
[WhiteElo "2359"]
[BlackElo "2351"]
[PlyCount "93"]
[EventDate "2022.11.09"]
[EventType "tourn"]
[EventRounds "9"]
[EventCountry "USA"]
[SourceTitle "CBM 211 Extra"]
[Source "ChessBase"]
[SourceDate "2023.01.31"]
[SourceVersion "1"]
[SourceVersionDate "2023.01.31"]
[SourceQuality "1"]

1. d4 d5 2. c4 e6 3. Nc3 Nf6 4. Nf3 Ne4 5. e3 c6 6. Bd3 f5 7. Ne5 Qh4 8. g3 Qh3 9. Bf1 Qh6 10. Bg2 Nd7 11. cxd5 exd5 12. Nd3 Bd6 13. f3 Nxc3 14. bxc3 Qe6 15. 0-0 0-0 16. Nf4 Qf7 17. Qb3 Re8 18. Bd2 Nb6 19. Rae1 Re7 20. Bc1 Bd7 21. Nh3 h6 22. e4 dxe4 23. fxe4 Qxb3 24. axb3 fxe4 25. Nf2 Rf7 26. Nxe4 Rxf1+ 27. Rxf1 Be7 28. c4 Rf8 29. Bf4 g5 30. Bd6 Rxf1+ 31. Kxf1 Kf7 32. Ke2 Bf5 33. Bxe7 Bxe4 34. Bxe4 Kxe7 35. Bf5 Nd7 36. Bxd7 Kxd7 37. g4 b6 38. Kd3 a5 39. Kc3 b5 40. Kc2 Kd6 41. Kd2 Kd7 42. Kc1 Kd6 43. Kb2 Kd7 44. Kc3 Kd6 45. Kb2 Kd7 46. Ka3 Kd6 47. Kb2 1/2-1/2